CRM – jeden z nástrojov moderného marketingu

Možnosti využitia CRM, ako nástroja moderného marketingu. Zefektívnenie vzťahov k zákazníkom a systém CRM (Customer Relationship Management), ktorý zahŕňa sofistikované softvérové a analytické nástroje, pomocou ktorých sa koncentrujú a vyhodnocujú informácie o zákazníkoch.

Gespeichert in:
Bibliographische Detailangaben
1. Verfasser: Cárachová, Magdaléna
Format: Buchkapitel
Sprache:Slowakisch
Schlagworte:
Tags: Tag hinzufügen
Keine Tags, Fügen Sie das erste Tag hinzu!

MARC

LEADER 00000nla a2200000 4500
001 0211289
005 20240502083528.0
041 0 |a slo 
044 |a CZ 
245 1 0 |a CRM – jeden z nástrojov moderného marketingu  |c Magdaléna Cárachová 
520 |a Možnosti využitia CRM, ako nástroja moderného marketingu. Zefektívnenie vzťahov k zákazníkom a systém CRM (Customer Relationship Management), ktorý zahŕňa sofistikované softvérové a analytické nástroje, pomocou ktorých sa koncentrujú a vyhodnocujú informácie o zákazníkoch. 
610 2 0 |a marketing 
610 2 0 |a riadenie vzťahov so zákazníkmi 
610 2 0 |a komunikácia marketingová 
610 2 0 |a marketing spoločenský 
610 2 0 |a nástroje marketingové 
610 2 0 |a systém CRM 
100 1 |a Cárachová, Magdaléna